[Event "Logumkloster Byturnering Basis 3 2008"]
[Site "Logumkloster"]
[Date "2008.04.15"]
[Round "1"]
[White "Bergnaes, Thomas"]
[Black "Jessen, Morten"]
[Result "0-1"]
[WhiteElo "1174"]
[BlackElo "1282"]
[PlyCount "98"]
[EventDate "2008.??.??"]

1. e4 c5 2. c3 e6 3. d4 b6 4. Nf3 Bb7 5. Nbd2 Nf6 6. e5 Nd5 7. Be2 cxd4 8. cxd4
Nc6 9. O-O d6 10. Bb5 Be7 11. Nc4 O-O 12. Re1 a6 13. Bxc6 Bxc6 14. Ne3 Nxe3 15.
Rxe3 dxe5 16. Nxe5 Bb7 17. Rg3 Bf6 18. Bf4 Qe7 19. Ng4 Rfd8 20. Nxf6+ Qxf6 21.
Be5 Qxe5 22. dxe5 Rxd1+ 23. Rxd1 Rc8 24. Rc3 Rb8 25. Rcd3 Bd5 26. Rxd5 exd5 27.
Rxd5 Kf8 28. Rd3 Ke7 29. f4 Rc8 30. Rb3 Rc6 31. Rc3 Rxc3 32. bxc3 Ke6 33. Kf2
Kd5 34. Ke3 Kc4 35. Kd2 b5 36. a3 Kd5 37. Kd3 a5 38. g4 Kc5 39. f5 Kd5 40. e6
fxe6 41. fxe6 Kxe6 42. Ke4 g5 43. h3 h6 44. Kd4 Kd6 45. Ke4 Kc5 46. Ke5 Kc4 47.
Kd6 Kxc3 48. Kc5 b4 49. axb4 axb4 0-1

[Event "Logumkloster Byturnering Basis 3 2008"]
[Site "Logumkloster"]
[Date "2008.04.22"]
[Round "2"]
[White "Bergnaes, Thomas"]
[Black "Beck, Kresten"]
[Result "0-1"]
[WhiteElo "1174"]
[BlackElo "1295"]
[PlyCount "86"]
[EventDate "2008.??.??"]

1. e4 e5 2. Nf3 d6 3. Nc3 Be7 4. h3 Nc6 5. Bc4 h6 6. O-O Nf6 7. Re1 a6 8. a3
Nh7 9. Nd5 O-O 10. c3 Ng5 11. Nxe7+ Qxe7 12. Nxg5 Qxg5 13. d4 Qf6 14. Bd5 Ne7
15. Re3 Nxd5 16. exd5 exd4 17. Rf3 Qe5 18. Bf4 Qxd5 19. Rg3 g5 20. h4 f6 21.
Qe2 Bf5 22. Qd1 Bg6 23. Be3 Kg7 24. hxg5 fxg5 25. cxd4 Rae8 26. Qd2 Rf5 27. Rc1
c6 28. a4 Ref8 29. Re1 Re8 30. Rf1 c5 31. dxc5 Qxd2 32. Bxd2 dxc5 33. Rb3 Rf7
34. Be3 Rc8 35. Rc1 c4 36. Rb6 Bd3 37. Rc3 Rc6 38. Rb4 Rd6 39. b3 cxb3 40.
Rcxb3 Rdd7 41. Rb6 Be4 42. Re6 Bd5 43. Re8 Bxb3 0-1

[Event "Logumkloster Byturnering Basis 3 2008"]
[Site "Logumkloster"]
[Date "2008.04.22"]
[Round "2"]
[White "Jensen, Peter M"]
[Black "Jessen, Morten"]
[Result "0-1"]
[WhiteElo "1158"]
[BlackElo "1282"]
[PlyCount "158"]
[EventDate "2008.??.??"]

1. e4 c5 2. Bc4 g6 3. c3 Nc6 4. d3 Bg7 5. Bf4 d6 6. Bb5 Bd7 7. h3 a6 8. Bxc6
Bxc6 9. a4 Nf6 10. Nd2 O-O 11. Ngf3 b5 12. a5 Re8 13. g4 d5 14. e5 Nd7 15. O-O
Qc7 16. Re1 Rad8 17. Qc1 Qb7 18. b3 d4 19. c4 Bxf3 20. Nxf3 Qxf3 21. Bg3 Qxd3
22. Ra3 bxc4 23. bxc4 Bh6 24. f4 Qxa3 25. Qxa3 Nb8 26. g5 Bf8 27. Qxc5 e6 28.
Qb6 d3 29. Kg2 d2 30. Rd1 Rd3 31. Qb2 Red8 32. h4 Bc5 33. Bf2 Ba3 34. Qc2 Nc6
35. Bb6 Nb4 36. Qa4 Rc8 37. c5 Nd5 38. c6 Ne3+ 39. Bxe3 Rxe3 40. Rxd2 Rc3 41.
Rc2 Rd3 42. Qc4 Rdd8 43. Qxa6 Ra8 44. Qb5 Rdc8 45. a6 Kf8 46. Qa5 Be7 47. c7
Kg8 48. a7 Kf8 49. Kg3 Ke8 50. Qb5+ Kf8 51. Qb7 Ke8 52. Rb2 Kd7 53. Rc2 Ke8 54.
Kg4 Kf8 55. Rd2 Ke8 56. h5 Kf8 57. hxg6 hxg6 58. Rd3 Kg7 59. Rb3 Bc5 60. Qb8
Bxa7 61. Qxc8 Rxc8 62. Rb7 Bg1 63. Kf3 Bd4 64. Ke4 Bc3 65. Kd3 Ba5 66. Ra7 Bxc7
67. Ke4 Bb6 68. Ra4 Rc1 69. Ra3 Rf1 70. Rb3 Bg1 71. Rf3 Re1+ 72. Kd3 Ra1 73.
Kc2 Ra4 74. Kb3 Re4 75. Kc2 Bh2 76. Kd3 Rxf4 77. Rxf4 Bxf4 78. Ke4 Bxg5 79. Kf3
Bf6 0-1

[Event "Logumkloster Byturnering Basis 3 2008"]
[Site "Logumkloster"]
[Date "2008.04.22"]
[Round "2"]
[White "Schmidt, Holger"]
[Black "Feldborg, Henrik"]
[Result "1/2-1/2"]
[WhiteElo "1428"]
[BlackElo "1464"]
[PlyCount "89"]
[EventDate "2008.??.??"]

1. e3 d5 2. d4 c5 3. c3 e6 4. Nf3 Nf6 5. Be2 Be7 6. O-O O-O 7. Nbd2 a6 8. b3
Nc6 9. Bb2 Bd7 10. a3 Qc7 11. c4 Rfe8 12. cxd5 exd5 13. Rc1 Qb6 14. dxc5 Qa7
15. b4 Bd8 16. Nb3 Qb8 17. Bxf6 Bxf6 18. Qxd5 Be6 19. Qd1 Bb2 20. Nbd4 Rd8 21.
Qc2 Bxc1 22. Rxc1 Bd5 23. Bd3 h6 24. Nxc6 Bxc6 25. Nd4 Bd5 26. Qc3 Qe5 27. Bc4
Bc6 28. Qb3 Qf6 29. Nxc6 bxc6 30. g3 Rd2 31. Rf1 Rad8 32. Qa4 Qf3 33. Bb3 Re8
34. Bc4 Rxe3 35. Qxa6 Kh7 36. Qb7 f6 37. Qf7 Rxa3 38. Qg8+ Kg6 39. Qf7+ Kg5 40.
Qxg7+ Kf5 41. Qh7+ Ke5 42. Qe7+ Kd4 43. Qd7+ Kc3 44. Rc1+ Kb2 45. Qxd2# 1/2-1/2

[Event "Logumkloster Byturnering Basis 3 2008"]
[Site "Logumkloster"]
[Date "2008.04.29"]
[Round "3"]
[White "Feldborg, Henrik"]
[Black "Jessen, Morten"]
[Result "1-0"]
[WhiteElo "1464"]
[BlackElo "1282"]
[PlyCount "25"]
[EventDate "2008.??.??"]

1. e4 c6 2. d4 d5 3. Nc3 e6 4. Nf3 Bb4 5. Bd3 Ne7 6. Bd2 b6 7. O-O Bb7 8. Re1
Nd7 9. Rc1 Qc7 10. Qe2 Ng6 11. exd5 cxd5 12. Nb5 Qc6 13. Bxb4 1-0

[Event "Logumkloster Byturnering Basis 3 2008"]
[Site "Logumkloster"]
[Date "2008.04.29"]
[Round "3"]
[White "Beck, Kresten"]
[Black "Christiansen, Bobby"]
[Result "0-1"]
[WhiteElo "1295"]
[BlackElo "1207"]
[PlyCount "56"]
[EventDate "2008.??.??"]

1. e4 c6 2. Nc3 d5 3. exd5 cxd5 4. Bb5+ Nc6 5. d3 d4 6. Ne4 Qa5+ 7. Bd2 Qxb5 8.
b3 Bf5 9. Qf3 Bxe4 10. Qxe4 Nf6 11. Qf3 e6 12. Ne2 Bb4 13. c3 dxc3 14. Nxc3
Qe5+ 15. Qe3 Bxc3 16. Qxe5 Bxe5 17. Rc1 O-O 18. O-O Nd4 19. Rfe1 Nd7 20. Re4
Rfe8 21. Rd1 f5 22. Ree1 Bf6 23. f4 Bh4 24. Re3 Rac8 25. g3 Bf6 26. h3 Nb5 27.
Ree1 Bc3 28. Bxc3 Nxc3 0-1

[Event "Logumkloster Byturnering Basis 3 2008"]
[Site "Logumkloster"]
[Date "2008.04.29"]
[Round "3"]
[White "Kallesen, Jesper"]
[Black "Jensen, Peter M"]
[Result "1-0"]
[WhiteElo "1223"]
[BlackElo "1158"]
[PlyCount "124"]
[EventDate "2008.??.??"]

1. e4 e5 2. Nf3 d6 3. Nc3 a6 4. b3 Nc6 5. Bb2 Qe7 6. Nd5 Qd7 7. g3 Nf6 8. Nxf6+
gxf6 9. d4 Bg7 10. Nh4 Qd8 11. Be2 Ne7 12. Bg4 h5 13. Nf5 Nxf5 14. Bxf5 Bxf5
15. exf5 Qd7 16. g4 Qc6 17. d5 Qb5 18. gxh5 Bh6 19. c4 Qb4+ 20. Kf1 Qd2 21.
Qxd2 Bxd2 22. Bc1 Bf4 23. Bxf4 exf4 24. Re1+ Kd7 25. Re4 Rxh5 26. Rxf4 Rah8 27.
h4 c6 28. Ke2 Re8+ 29. Kf3 Re5 30. Kg4 Rh8 31. h5 Rh6 32. f3 Re2 33. a3 c5 34.
Re4 Rg2+ 35. Kf4 Rg5 36. Rhe1 Kc7 37. Re7+ Kb6 38. Rxf7 Rhxh5 39. Rxf6 Rg7 40.
Rxd6+ Ka7 41. f6 Rf7 42. Re7 Rhh7 43. Rdd7 Rxf6+ 44. Ke5 Rxe7+ 45. Rxe7 Rxf3
46. d6 Rxb3 47. d7 Rd3 48. Ke6 Kb8 49. Re8+ Kc7 50. Rc8+ Kb6 51. d8=Q+ Rxd8 52.
Rxd8 Ka5 53. Rd7 b5 54. Rd5 Kb6 55. Kd6 bxc4 56. Rxc5 a5 57. Rxc4 Kb5 58. Rf4
Kb6 59. a4 Ka6 60. Rf2 Ka7 61. Rf5 Ka6 62. Re5 Ka7 1-0

[Event "Logumkloster Byturnering Basis 3 2008"]
[Site "Logumkloster"]
[Date "2008.04.29"]
[Round "3"]
[White "Bergnaes, Troels"]
[Black "Schmidt, Holger"]
[Result "1/2-1/2"]
[WhiteElo "1124"]
[BlackElo "1428"]
[PlyCount "123"]
[EventDate "2008.??.??"]

1. c4 d6 2. Nc3 g6 3. b3 Bg7 4. Bb2 e6 5. d4 c6 6. e4 Ne7 7. Nf3 O-O 8. Be2 Nd7
9. O-O f5 10. Qd2 Nf6 11. e5 dxe5 12. dxe5 Qxd2 13. Nxd2 Nd7 14. Na4 Nxe5 15.
Ba3 Re8 16. Rad1 b6 17. Nb1 Bd7 18. f4 c5 19. fxe5 Bxa4 20. bxa4 Bxe5 21. Rd7
a5 22. Re1 Rad8 23. Rxd8 Rxd8 24. Bf3 Bd4+ 25. Kh1 Kf7 26. Rd1 Nc8 27. Nc3 Ke7
28. Ne2 e5 29. Bc1 Rd6 30. Bg5+ Kd7 31. Bb7 Na7 32. Nc3 Bxc3 33. Rxd6+ Kxd6 34.
Kg1 Nc6 35. Bxc6 Kxc6 36. Kf2 e4 37. Bf4 Bf6 38. g3 Be7 39. h4 Bd6 40. Bh6 Kd7
41. Bg5 Bc7 42. Kg2 Bd8 43. Bh6 Be7 44. Be3 Bf8 45. Bg5 h6 46. Bf6 Be7 47. Bg7
h5 48. Bh6 Ke6 49. Bf4 Bd6 50. Bd2 Be5 51. Bg5 Bd4 52. Bf4 Be5 53. Be3 f4 54.
gxf4 Bd4 55. Bc1 Kf5 56. Kg3 Bc3 57. Kh3 Be1 58. Be3 Bc3 59. Kg3 Bd4 60. Bc1
Bc3 61. Be3 Be1+ 62. Kh3 1/2-1/2

[Event "Logumkloster Byturnering Basis 3 2008"]
[Site "Logumkloster"]
[Date "2008.05.06"]
[Round "4"]
[White "Feldborg, Henrik"]
[Black "Bergnaes, Troels"]
[Result "1-0"]
[WhiteElo "1464"]
[BlackElo "1124"]
[PlyCount "67"]
[EventDate "2008.??.??"]

1. e4 e5 2. Nf3 d6 3. Bc4 Be7 4. d4 Bg4 5. dxe5 dxe5 6. Bxf7+ Kf8 7. Qxd8+ Bxd8
8. Nxe5 Bc8 9. Bc4 Bf6 10. Nf7 b5 11. Bb3 c5 12. Bd5 Ne7 13. Nxh8 Nxd5 14. exd5
Kg8 15. O-O Bf5 16. Re1 Na6 17. c3 Rd8 18. Bf4 g5 19. Be5 Bxh8 20. Bxh8 Kxh8
21. Re5 Bc8 22. Na3 Kg7 23. Rd1 Kf6 24. Re3 b4 25. Nc4 g4 26. d6 Be6 27. Ne5
Nc7 28. c4 Ne8 29. d7 Nc7 30. b3 Na8 31. Kf1 Nb6 32. Rd6 Nxd7 33. Nxd7+ Rxd7
34. Rexe6+ 1-0

[Event "Logumkloster Byturnering Basis 3 2008"]
[Site "Logumkloster"]
[Date "2008.05.06"]
[Round "4"]
[White "Jessen, Morten"]
[Black "Schmidt, Holger"]
[Result "0-1"]
[WhiteElo "1282"]
[BlackElo "1428"]
[PlyCount "56"]
[EventDate "2008.??.??"]

1. d4 d5 2. c4 c6 3. Nf3 Nf6 4. Bg5 Nbd7 5. Nc3 g6 6. e3 Bg7 7. cxd5 cxd5 8.
Bd3 O-O 9. O-O Nb6 10. Re1 e6 11. Ne5 Bd7 12. Nxd7 Qxd7 13. Qf3 Ne8 14. Qf4 a6
15. Bh6 f5 16. Bxg7 Qxg7 17. Kh1 Nf6 18. Rg1 Rac8 19. h3 Nc4 20. b3 Nb6 21. Ne2
Ne4 22. f3 g5 23. g4 Nf2+ 24. Kh2 fxg4 25. Bxh7+ Kxh7 26. Qd6 Rc6 27. Qb4 Rxf3
28. hxg4 Qh6+ 0-1

[Event "Logumkloster Byturnering Basis 3 2008"]
[Site "Logumkloster"]
[Date "2008.05.06"]
[Round "4"]
[White "Bergnaes, Thomas"]
[Black "Christiansen, Bobby"]
[Result "0-1"]
[WhiteElo "1174"]
[BlackElo "1207"]
[PlyCount "108"]
[EventDate "2008.??.??"]

1. e4 c6 2. Nc3 d5 3. e5 c5 4. Nf3 d4 5. Nb1 Bf5 6. c3 Bxb1 7. Rxb1 Nc6 8. Bb5
Qc7 9. Qa4 e6 10. Bxc6+ Qxc6 11. Qxc6+ bxc6 12. cxd4 cxd4 13. Nxd4 Rc8 14. b3
Bc5 15. Nc2 Ne7 16. d4 Bb6 17. Ba3 Nd5 18. O-O c5 19. Rbd1 O-O 20. Ne1 Nc3 21.
Rd2 Nb1 22. Bc1 Nxd2 23. Bxd2 cxd4 24. Bb4 Bc5 25. Nd3 Bxb4 26. Nxb4 a5 27. Nd3
f6 28. Rd1 g5 29. exf6 Rxf6 30. Ne5 Rf5 31. Ng4 Kg7 32. f3 h5 33. Nf2 e5 34.
Ne4 Rc2 35. a3 g4 36. fxg4 hxg4 37. Nd2 d3 38. Nc4 Re2 39. h3 gxh3 40. gxh3 e4
41. Nd6 Rc5 42. Nc4 Rg5+ 43. Kh1 Rgg2 44. a4 Ra2 45. Ne3 Rgc2 46. Nc4 d2 47.
Kg2 Rc1 48. Rxd2 Rxd2+ 49. Nxd2 Rc2 50. Kf2 Rxd2+ 51. Ke3 Rd3+ 52. Kxe4 Rxb3
53. h4 Kg6 54. h5+ Kxh5 0-1

[Event "Logumkloster Byturnering Basis 3 2008"]
[Site "Logumkloster"]
[Date "2008.05.06"]
[Round "4"]
[White "Jensen, Peter M"]
[Black "Beck, Kresten"]
[Result "1/2-1/2"]
[WhiteElo "1158"]
[BlackElo "1295"]
[PlyCount "59"]
[EventDate "2008.??.??"]

1. e4 e5 2. Nf3 d6 3. h3 Nf6 4. Nc3 h6 5. d3 Nc6 6. a3 Be7 7. b4 a6 8. Bb2 Be6
9. g4 Nh7 10. Nd2 Bh4 11. Nf3 Bf6 12. Qe2 Ng5 13. Bc1 Nxf3+ 14. Qxf3 Nd4 15.
Qd1 Qd7 16. Be3 Qc6 17. Bxd4 exd4 18. Nd5 Bxd5 19. exd5 Qxd5 20. Rg1 Qe5+ 21.
Qe2 O-O 22. Qxe5 dxe5 23. Bg2 Rab8 24. Be4 b6 25. Ke2 Bg5 26. Rh1 Be7 27. h4 g5
28. h5 Kg7 29. f3 a5 30. b5 1/2-1/2

[Event "Logumkloster Byturnering Basis 3 2008"]
[Site "Logumkloster"]
[Date "2008.05.06"]
[Round "4"]
[White "Zombick, Rolf"]
[Black "Kallesen, Jesper"]
[Result "0-1"]
[WhiteElo "1068"]
[BlackElo "1223"]
[PlyCount "68"]
[EventDate "2008.??.??"]

1. c4 e5 2. Nc3 Nf6 3. d3 Bb4 4. Bd2 O-O 5. a3 Bxc3 6. Bxc3 Nc6 7. Nf3 d6 8. h3
Be6 9. e4 Ne7 10. Qb3 b6 11. Be2 Rb8 12. Rd1 b5 13. Qc2 bxc4 14. dxc4 Qe8 15.
b4 a6 16. Bd4 Nc8 17. c5 dxc5 18. Bxc5 Nd6 19. Nxe5 Bd7 20. Bxa6 Qxe5 21. O-O
Ra8 22. Bd4 Qxe4 23. Qxe4 Nfxe4 24. Bd3 Rxa3 25. Bc5 Nxc5 26. bxc5 Ne4 27. Bxe4
Be6 28. Rfe1 g6 29. Rb1 Bc4 30. f3 Rc3 31. Rbc1 Rxc1 32. Rxc1 Ra8 33. Rb1 Ra2
34. Kh2 Rd2 0-1

[Event "Logumkloster Byturnering Basis 3 2008"]
[Site "Logumkloster"]
[Date "2008.05.13"]
[Round "5"]
[White "Kallesen, Jesper"]
[Black "Feldborg, Henrik"]
[Result "0-1"]
[WhiteElo "1223"]
[BlackElo "1464"]
[PlyCount "100"]
[EventDate "2008.??.??"]

1. e4 c5 2. Nf3 Nc6 3. Bc4 e6 4. Nc3 Nf6 5. O-O Nxe4 6. Nxe4 d5 7. Bd3 dxe4 8.
Bxe4 Bd7 9. d4 cxd4 10. Nxd4 Nxd4 11. Qxd4 Bb5 12. Qxd8+ Rxd8 13. Re1 b6 14. a4
Bd7 15. Be3 Be7 16. c3 O-O 17. a5 f5 18. Bf3 b5 19. Bxa7 g5 20. g3 Bc8 21. Rad1
g4 22. Bc6 Rxd1 23. Rxd1 Ba6 24. Rd7 Bf6 25. Bd4 Bxd4 26. Rxd4 Rc8 27. Rd6 e5
28. Bd7 Ra8 29. Be6+ Kf8 30. Bxf5 Bb7 31. b4 h5 32. Rd7 Bf3 33. h3 Ra6 34. hxg4
hxg4 35. Bd3 Rh6 36. Rh7 Rd6 37. Bf1 Rd1 38. a6 Be2 39. a7 Rxf1+ 40. Kg2 Ra1
41. Kh2 Bf3 42. a8=Q+ Bxa8 43. Rh8+ Kg7 44. Rxa8 Rxa8 45. Kg2 Ra2 46. Kf1 Kf6
47. Ke1 e4 48. Kf1 Ke5 49. Kg2 Kd5 50. Kf1 Kc4 0-1

[Event "Logumkloster Byturnering Basis 3 2008"]
[Site "Logumkloster"]
[Date "2008.05.13"]
[Round "5"]
[White "Schmidt, Holger"]
[Black "Christiansen, Bobby"]
[Result "1-0"]
[WhiteElo "1428"]
[BlackElo "1207"]
[PlyCount "55"]
[EventDate "2008.??.??"]

1. c4 c6 2. Nf3 d5 3. cxd5 cxd5 4. d4 Nc6 5. e3 Bf5 6. Bd3 Bxd3 7. Qxd3 Nf6 8.
O-O Qc7 9. Bd2 Ne4 10. Nc3 Nxd2 11. Qxd2 O-O-O 12. Rac1 h5 13. Ne2 Kb8 14. Ne5
e6 15. Rc2 Rd6 16. Rfc1 f6 17. Ng6 Rg8 18. Nef4 Qf7 19. Qe2 e5 20. dxe5 Rd8 21.
exf6 gxf6 22. Nxf8 Rdxf8 23. Qxh5 Qxh5 24. Nxh5 Rg5 25. Nf4 Nb4 26. Ne6 Nxc2
27. Nxf8 Nb4 28. Nd7+ 1-0

[Event "Logumkloster Byturnering Basis 3 2008"]
[Site "Logumkloster"]
[Date "2008.05.13"]
[Round "5"]
[White "Jessen, Morten"]
[Black "Bergnaes, Troels"]
[Result "1-0"]
[WhiteElo "1282"]
[BlackElo "1124"]
[PlyCount "75"]
[EventDate "2008.??.??"]

1. d4 e6 2. c4 Bb4+ 3. Nc3 Nc6 4. a3 Bxc3+ 5. bxc3 b6 6. Nf3 d6 7. e4 Ba6 8.
Bd3 Qf6 9. Bg5 Qg6 10. e5 f5 11. exf6 Qf7 12. Qe2 gxf6 13. Bf4 Na5 14. O-O
O-O-O 15. Be3 h5 16. Rfd1 Ne7 17. d5 Bb7 18. dxe6 Qg7 19. Kf1 Rdg8 20. g3 h4
21. Ke1 hxg3 22. hxg3 Nb3 23. Qb2 Rh1+ 24. Ke2 Qg4 25. Qxb3 Bxf3+ 26. Kd2 Rh2
27. Rg1 Nc6 28. Qb5 Ne5 29. e7 Bc6 30. Qb1 Nf3+ 31. Kc1 Bd7 32. Rd1 Rgh8 33.
Kb2 Qxg3 34. Bf5 R8h5 35. e8=Q+ Kb7 36. Bxd7 Rxf2+ 37. Kc1 a6 38. Bc6+ 1-0

[Event "Logumkloster Byturnering Basis 3 2008"]
[Site "Logumkloster"]
[Date "2008.05.13"]
[Round "5"]
[White "Beck, Kresten"]
[Black "Zombick, Rolf"]
[Result "1-0"]
[WhiteElo "1295"]
[BlackElo "1068"]
[PlyCount "95"]
[EventDate "2008.??.??"]

1. e4 c5 2. d3 Nc6 3. Nf3 d6 4. Nc3 e6 5. Be3 Be7 6. Be2 Nf6 7. h3 a6 8. d4
cxd4 9. Nxd4 Nxd4 10. Bxd4 e5 11. Be3 Bd7 12. O-O Rc8 13. Bf3 O-O 14. Nd5 Bb5
15. Nxe7+ Qxe7 16. Re1 Bc6 17. c3 Qe8 18. Bg5 Qe7 19. Qc2 h6 20. Bxf6 Qxf6 21.
Rad1 Bd7 22. Qe2 Bb5 23. Qe3 Bc4 24. a3 Bb5 25. Rd2 Ba4 26. Bd1 Bd7 27. Qd3 Rc6
28. Ba4 b5 29. Bd1 Qg6 30. Re3 Be6 31. Rg3 Qf6 32. Qe3 Rc4 33. Rxd6 Qf4 34. Bc2
a5 35. Bd3 Qxe3 36. Rxe3 Rc5 37. Be2 Rb8 38. Red3 Rcc8 39. Rd2 b4 40. cxb4 axb4
41. axb4 Rxb4 42. Rd8+ Rxd8 43. Rxd8+ Kh7 44. Rd2 Rxe4 45. Bd3 f5 46. Bxe4 fxe4
47. Rd6 Ba2 48. Rb6 1-0

[Event "Logumkloster Byturnering Basis 3 2008"]
[Site "Logumkloster"]
[Date "2008.05.13"]
[Round "5"]
[White "Jensen, Peter M"]
[Black "Bergnaes, Thomas"]
[Result "1-0"]
[WhiteElo "1158"]
[BlackElo "1174"]
[PlyCount "61"]
[EventDate "2008.??.??"]

1. e4 e5 2. Nf3 Nc6 3. h3 Nf6 4. Qe2 Bb4 5. c3 Ba5 6. b4 Bb6 7. b5 Ne7 8. Ba3
Ng6 9. g3 a6 10. d4 exd4 11. cxd4 d6 12. Nc3 Ba5 13. Qd3 Bd7 14. Nd2 axb5 15.
Nxb5 Bxd2+ 16. Kxd2 Bxb5 17. Qxb5+ c6 18. Qb2 Qa5+ 19. Bb4 Nxe4+ 20. Kc1 Qg5+
21. Bd2 Nxd2 22. Qxd2 Qxd2+ 23. Kxd2 Ra3 24. Bg2 O-O 25. Rhb1 Rfa8 26. Rxb7
Rxa2+ 27. Rxa2 Rxa2+ 28. Ke3 c5 29. dxc5 dxc5 30. Bd5 Ra3+ 31. Kd2 1-0